Československo žaluje : (Oh, my country!) /

Bibliographic Details
Main Author: Josten, Josef, 1913-1985
Format: Book
Language:Czech
Published: Chicago : Nákl. Informační služby svobodného Československa, 1950.
Subjects:

MARC

Tag First Indicator Second Indicator Subfields
LEADER 00000cam a2200000 a 4500
001 in00001402930
005 20151020053101.0
008 780221s1950 ilua 000 0 cze d
035 |a (OCoLC)31105805 
035 |9 AHM6974AM 
040 |a MNU  |c MNU  |d NYP  |d UtOrBLW 
041 1 |a cze  |h eng 
043 |a e-cs--- 
049 |a TXAM 
090 |a DB215.5  |b .J6812 1950 
100 1 |a Josten, Josef,  |d 1913-1985. 
240 1 0 |a Oh, my country.  |l Czech 
245 1 0 |a Československo žaluje :  |b (Oh, my country!) /  |c Josef Josten ; [z angličtiny] přeložila Jarmila Kracíková. 
264 1 |a Chicago :  |b Nákl. Informační služby svobodného Československa,  |c 1950. 
300 |a 267 pages :  |b illustrations ;  |c 24 cm. 
336 |a text  |b txt  |2 rdacontent 
337 |a unmediated  |b n  |2 rdamedia 
338 |a volume  |b nc  |2 rdacarrier 
541 0 |a Donated by Mr. and Mrs. Peter Lampa. 
651 0 |a Czechoslovakia  |x History  |y Coup d'état, 1948. 
651 0 |a Czechoslovakia  |x Politics and government  |y 1945-1992. 
650 0 |a Communism  |z Czechoslovakia. 
999 |a MARS 
999 f f |s 75a23d88-8d49-35bf-9a99-bbe25c3f7ea3  |i 9b6ff2ba-4d4f-3fa6-8643-b7de2b47c7dd  |t 0 
952 f f |p ric  |a Texas A&M University  |b Rellis Campus  |c Joint Library Facility  |d Remote Storage  |t 0  |e DB215.5 .J6812 1950  |h Library of Congress classification  |i unmediated -- volume  |m A14822018911 
998 f f |a DB215.5 .J6812 1950  |t 0  |l Remote Storage